Đại cương lịch sử thế giới trung đại

Tallennettuna:
Bibliografiset tiedot
Aineistotyyppi: Kirja
Tagit: Lisää tagi
Ei tageja, Lisää ensimmäinen tagi!
Thư viện lưu trữ: Mạng thư viện Đại học Đà Nẵng
LEADER 00657nam a2200193 4500
001 000015458
003 11838
005 20150812150802.0
008 120529s sd
245 0 0 |a Đại cương lịch sử thế giới trung đại  |c Nguyễn Gia Phu, Nguyễn Văn Ánh 
774 |a Nguyễn Gia Phu  |b Tái bản lần thứ 1  |d Giáo dục  |d H.  |d 1997  |g T.1  |h 244 tr.  |t Đại cương lịch sử thế giới trung đại  |w 11839 
OWN |a LSP 
999 |a From the UDN01 
TYP |a Monograph 
TYP |a Printed language 
980 |a Mạng thư viện Đại học Đà Nẵng